Business Mathematics (Record no. 5024)

MARC details
005 - DATE AND TIME OF LATEST TRANSACTION
control field 20250625110833.0
020 ## - INTERNATIONAL STANDARD BOOK NUMBER
International Standard Book Number 0-538-13080-6
082 ## - DEWEY DECIMAL CLASSIFICATION NUMBER
Classification number 510GOS.
100 ## - MAIN ENTRY--PERSONAL NAME
Author name GOSSAGE. C. L.
245 ## - TITLE STATEMENT
Title Business Mathematics
250 ## - EDITION STATEMENT
Edition statement 2nd Ed.
260 ## - PUBLICATION, DISTRIBUTION, ETC.
Place of publication, distribution, etc. New York,
Name of publisher, distributor, etc. South- Western Cengage Publishing,
Date of publication, distribution, etc. 1978.
300 ## - PHYSICAL DESCRIPTION
Extent viii.; 518p.; ill, figure, table
Other physical details Index,
Dimensions 23cm.
942 ## - ADDED ENTRY ELEMENTS (KOHA)
Source of classification or shelving scheme Dewey Decimal Classification
Koha item type Books
Holdings
Date last seen Total checkouts Full call number Barcode Cost, replacement price Price effective from Koha item type Lost status Source of classification or shelving scheme Damaged status Not for loan Withdrawn status Home library Current library Shelving location Date acquired Cost, normal purchase price
06/25/2025   510GOS DOM000816 1200.00 06/25/2025 Books   Dewey Decimal Classification       CBE Dodoma CBE Dodoma Special Reserve Collection 01/03/1985 400.00